Colors in Other Languages - Statistics

General Stats
  • This quiz has been taken 56 times
  • The average score is 9 of 20
Answer Stats
Hint Explanation Answer % Correct
groen Dutch Green
92%
porpra Catalan Purple
88%
röd Swedish Red
88%
blau German Blue
86%
viola Italian Purple
86%
noir French Black
84%
amarillo Spanish Yellow
66%
vermelho Portuguese Red
44%
cokelat Indonesian Brown
32%
valkoinen Finnish White
32%
желтый (zheltyy) Russian Yellow
28%
緑 (midori) Japanese Green
24%
niebieski Polish Blue
22%
rangi ya machungwa Swahili Orange
22%
أبيض (ʼabyaḍ) Arabic White
22%
काला (kaala) Hindi Black
20%
갈색 (galsaeg) Korean Brown
16%
橙色 (chéng sè) Mandarin Chinese Orange
10%
màu đỏ Vietnamese Red
10%
блакитний (blakytnyy) Ukrainian Blue
6%
No matching quizzes found
Score Distribution
Percent of People with Each Score
Percentile by Number Answered
Your Score History
You have not taken this quiz